Amasijo

Shranjeno v:
Bibliografske podrobnosti
Glavni avtor: Brunet, Marta (Author)
Format: Knjiga
Jezik:španščina
Izdano: Santiago Zig-Zag 1962
Serija:Biblioteca de Novelistas
Teme:
Oznake: Označite
Brez oznak, prvi označite!

MARC

LEADER 00000nam a2200000 a 4500
001 UCQ6564
003 CL-VaPUC
008 981016e19620000CL |||||||||||||||||spa|d
082 0 4 |a Ch863  |b BRU  |2 21 
100 0 |a Brunet, Marta  |e author  |9 352823 
245 1 0 |a Amasijo 
300 |a 182 p 
942 |c BK 
945 |d 19981016 00:00:00  |a lriquelm 
260 |a Santiago  |b Zig-Zag  |c 1962 
650 0 |a Novelas chilenas   |9 265425 
650 0 |a Literatura chilena   |9 308278 
583 |a last modification  |c 19981016 00:00:00  |k Rodrigo Vera 
490 0 |a Biblioteca de Novelistas 
999 |c 276514  |d 276512 
952 |0 0  |1 0  |4 0  |6 CH_863_000000000000000_BRU_1962  |7 0  |8 A  |9 313786  |a BIBEDU  |b BIBEDU  |d 2019-11-20  |i 1478486  |l 1  |o Ch863 BRU 1962  |p 1478486  |r 2023-03-07  |s 2022-12-13  |w 2019-11-20  |y BK  |k LIT